[Event "Superfinal Championship 2022 Men"]
[Site "Cheboksary"]
[Date "2022.09.13"]
[Round "3.6"]
[White "Chigaev, Maksim"]
[Black "Najer, Evgeniy"]
[Result "1/2-1/2"]
[BlackElo "2676"]
[WhiteElo "2641"]
[LiveChessVersion "1.4.8"]

1. c4 {[%clk 1:30:35]} e5 {[%clk 1:30:39]} 2. g3 {[%clk 1:30:40]} Nc6
{[%clk 1:30:51]} 3. Bg2 {[%clk 1:30:50]} g6 {[%clk 1:31:16]} 4. Nc3
{[%clk 1:30:39]} Bg7 {[%clk 1:31:37]} 5. d3 {[%clk 1:27:17]} d6 {[%clk 1:31:10]}
6. Nf3 {[%clk 1:27:18]} Nge7 {[%clk 1:25:13]} 7. O-O {[%clk 1:26:45]} O-O
{[%clk 1:25:39]} 8. Rb1 {[%clk 1:26:31]} a5 {[%clk 1:25:31]} 9. a3
{[%clk 1:21:08]} Nd4 {[%clk 1:25:15]} 10. Nxd4 {[%clk 1:10:34]} exd4
{[%clk 1:24:41]} 11. Ne4 {[%clk 1:10:53]} a4 {[%clk 1:18:07]} 12. b4
{[%clk 1:09:48]} axb3 {[%clk 1:16:52]} 13. Qxb3 {[%clk 1:07:47]} h6
{[%clk 1:16:57]} 14. a4 {[%clk 1:06:24]} Ra7 {[%clk 1:14:00]} 15. Bb2
{[%clk 0:55:44]} Bd7 {[%clk 1:05:07]} 16. Ra1 {[%clk 0:53:30]} Qa8
{[%clk 1:03:15]} 17. a5 {[%clk 0:51:16]} Nc6 {[%clk 0:59:30]} 18. c5
{[%clk 0:37:37]} Be6 {[%clk 0:34:56]} 19. Qc2 {[%clk 0:36:59]} d5
{[%clk 0:33:46]} 20. Nd2 {[%clk 0:37:23]} Rxa5 {[%clk 0:34:11]} 21. Nb3
{[%clk 0:33:42]} Ra6 {[%clk 0:30:13]} 22. Qd2 {[%clk 0:29:02]} Kh7
{[%clk 0:29:26]} 23. Qf4 {[%clk 0:27:55]} Be5 {[%clk 0:29:01]} 24. Qd2
{[%clk 0:27:55]} Re8 {[%clk 0:28:38]} 25. h3 {[%clk 0:26:38]} Bg7
{[%clk 0:28:44]} 26. Qf4 {[%clk 0:26:10]} Be5 {[%clk 0:27:59]} 27. Qd2
{[%clk 0:26:38]} Bg7 {[%clk 0:28:15]} 28. Qf4 {[%clk 0:27:02]} Qc8
{[%clk 0:27:13]} 29. h4 {[%clk 0:23:22]} Be5 {[%clk 0:21:48]} 30. Qd2
{[%clk 0:23:50]} Qd7 {[%clk 0:21:16]} 31. Kh2 {[%clk 0:17:12]} Rea8
{[%clk 0:20:13]} 32. Rxa6 {[%clk 0:17:24]} Rxa6 {[%clk 0:15:47]} 33. Ra1
{[%clk 0:17:29]} Rxa1 {[%clk 0:15:38]} 34. Bxa1 {[%clk 0:16:54]} Qd8
{[%clk 0:16:04]} 35. Kg1 {[%clk 0:12:59]} Qa8 {[%clk 0:16:20]} 36. Qb2
{[%clk 0:11:58]} Qa4 {[%clk 0:09:45]} 37. Kh2 {[%clk 0:07:30]} Qb4
{[%clk 0:06:29]} 38. Nd2 {[%clk 0:07:45]} Bf6 {[%clk 0:03:11]} 39. f4
{[%clk 0:04:39]} Qxc5 {[%clk 0:02:07]} 40. e4 {[%clk 0:31:40]} Nb4
{[%clk 0:31:18]} 41. exd5 {[%clk 0:26:42]} Bxd5 {[%clk 0:28:33]} 42. Ne4
{[%clk 0:22:44]} Bxe4 {[%clk 0:28:10]} 43. dxe4 {[%clk 0:21:09]} Nc2
{[%clk 0:08:49]} 44. e5 {[%clk 0:16:38]} Bg7 {[%clk 0:05:07]} 45. Be4
{[%clk 0:15:04]} Nxa1 {[%clk 0:05:20]} 46. Qxa1 {[%clk 0:15:33]} Qc3
{[%clk 0:02:03]} 47. Qb1 {[%clk 0:13:12]} h5 {[%clk 0:01:38]} 48. e6
{[%clk 0:05:54]} fxe6 {[%clk 0:02:06]} 49. Bxg6+ {[%clk 0:06:01]} Kh6
{[%clk 0:02:24]} 50. Bh7 {[%clk 0:05:10]} d3 {[%clk 0:02:52]} 51. Bxd3
{[%clk 0:05:33]} Qb2+ {[%clk 0:03:20]} 52. Qxb2 {[%clk 0:04:52]} Bxb2
{[%clk 0:03:48]} 53. Bc4 {[%clk 0:04:12]} e5 {[%clk 0:03:35]} 54. fxe5
{[%clk 0:04:38]} Bxe5 {[%clk 0:04:01]} 55. Kh3 {[%clk 0:05:04]} Kg6
{[%clk 0:03:35]} 56. g4 {[%clk 0:05:18]} hxg4+ {[%clk 0:04:01]} 57. Kxg4
{[%clk 0:05:45]} Kf6 {[%clk 0:04:25]} 58. Kf3 {[%clk 0:04:17]} Ke7
{[%clk 0:04:41]} 59. Ke4 {[%clk 0:03:37]} Kd6 {[%clk 0:05:07]} 60. Be2
{[%clk 0:03:12]} Bf6 {[%clk 0:05:14]} 61. Kd3 {[%clk 0:02:48]} Kc5
{[%clk 0:04:52]} 62. h5 {[%clk 0:00:40]} b5 {[%clk 0:05:00]} 63. Bf3
{[%clk 0:00:44]} Kd6 {[%clk 0:05:22]} 64. Kc2 {[%clk 0:01:03]} c5
{[%clk 0:04:27]} 65. Kb3 {[%clk 0:01:28]} Bg7 {[%clk 0:02:25]} 66. Be2
{[%clk 0:01:48]} Kc6 {[%clk 0:02:51]} 67. Bd3 {[%clk 0:02:01]} Bh6 1/2-1/2

[Event "Superfinal Championship 2022 Men"]
[Site "Cheboksary"]
[Date "2022.09.14"]
[Round "4.1"]
[White "Iljiushenok, Ilia"]
[Black "Najer, Evgeniy"]
[Result "1/2-1/2"]
[BlackElo "2676"]
[WhiteElo "2551"]
[LiveChessVersion "1.4.8"]

1. e4 {[%clk 1:30:54]} e6 {[%clk 1:30:45]} 2. d4 {[%clk 1:30:18]} d5
{[%clk 1:31:07]} 3. e5 {[%clk 1:26:39]} c5 {[%clk 1:30:43]} 4. c3
{[%clk 1:27:05]} Nc6 {[%clk 1:31:07]} 5. Nf3 {[%clk 1:27:30]} Bd7
{[%clk 1:31:31]} 6. Be2 {[%clk 1:25:01]} Nge7 {[%clk 1:31:08]} 7. Na3
{[%clk 1:23:13]} cxd4 {[%clk 1:27:41]} 8. cxd4 {[%clk 1:23:05]} Nf5
{[%clk 1:28:02]} 9. Nc2 {[%clk 1:17:31]} Be7 {[%clk 1:28:23]} 10. O-O
{[%clk 1:15:31]} O-O {[%clk 1:28:46]} 11. Kh1 {[%clk 1:08:12]} Rc8
{[%clk 1:25:52]} 12. Rb1 {[%clk 0:54:48]} a5 {[%clk 1:18:12]} 13. g4
{[%clk 0:37:24]} Nh4 {[%clk 1:08:45]} 14. Nxh4 {[%clk 0:34:46]} Bxh4
{[%clk 1:09:09]} 15. f4 {[%clk 0:35:10]} Be7 {[%clk 1:07:15]} 16. Bd3
{[%clk 0:30:56]} f6 {[%clk 0:57:15]} 17. exf6 {[%clk 0:28:52]} Bxf6
{[%clk 0:52:25]} 18. Be3 {[%clk 0:27:50]} g6 {[%clk 0:51:51]} 19. Qd2
{[%clk 0:24:24]} Bg7 {[%clk 0:50:59]} 20. Qg2 {[%clk 0:22:14]} Rf7
{[%clk 0:49:52]} 21. Rf2 {[%clk 0:18:16]} Qe7 {[%clk 0:47:34]} 22. Rbf1
{[%clk 0:16:40]} Rcf8 {[%clk 0:47:39]} 23. a3 {[%clk 0:13:17]} Na7
{[%clk 0:41:11]} 24. f5 {[%clk 0:11:16]} exf5 {[%clk 0:36:04]} 25. gxf5
{[%clk 0:11:41]} Bxf5 {[%clk 0:36:03]} 26. Bxf5 {[%clk 0:12:04]} gxf5
{[%clk 0:36:29]} 27. Qxd5 {[%clk 0:12:20]} Qe4+ {[%clk 0:36:47]} 28. Qxe4
{[%clk 0:12:45]} fxe4 {[%clk 0:37:14]} 29. d5 {[%clk 0:08:22]} Rxf2
{[%clk 0:33:47]} 30. Rxf2 {[%clk 0:08:49]} Rxf2 {[%clk 0:34:12]} 31. Bxf2
{[%clk 0:09:17]} Nc8 {[%clk 0:34:36]} 32. b3 {[%clk 0:07:22]} Kf7
{[%clk 0:32:00]} 33. Kg2 {[%clk 0:06:35]} Ne7 {[%clk 0:26:32]} 34. Ne3
{[%clk 0:06:37]} b5 {[%clk 0:09:57]} 35. a4 {[%clk 0:06:59]} bxa4
{[%clk 0:09:35]} 36. bxa4 {[%clk 0:07:28]} Bc3 {[%clk 0:07:23]} 37. Bh4 Ng6
{[%clk 0:03:19]} 38. Bg3 {[%clk 0:05:31]} Ne7 {[%clk 0:33:09]} 39. Bh4 Ng6
{[%clk 0:33:09]} 40. Bg3 1/2-1/2

[Event "Superfinal Championship 2022 Men"]
[Site "Cheboksary"]
[Date "2022.09.14"]
[Round "4.2"]
[White "Matlakov, Maxim"]
[Black "Chigaev, Maksim"]
[Result "1/2-1/2"]
[BlackElo "2641"]
[WhiteElo "2671"]
[LiveChessVersion "1.4.8"]

1. e4 {[%clk 1:30:51]} e5 {[%clk 1:30:51]} 2. Nf3 {[%clk 1:30:42]} Nc6
{[%clk 1:31:13]} 3. Bb5 {[%clk 1:30:23]} a6 {[%clk 1:31:34]} 4. Ba4
{[%clk 1:30:49]} Nf6 {[%clk 1:31:56]} 5. O-O {[%clk 1:31:00]} Be7
{[%clk 1:32:20]} 6. d3 {[%clk 1:29:33]} d6 {[%clk 1:31:03]} 7. c3
{[%clk 1:29:27]} O-O {[%clk 1:30:51]} 8. Re1 {[%clk 1:29:48]} b5 {[%clk 1:26:35]}
9. Bc2 {[%clk 1:28:56]} d5 {[%clk 1:26:50]} 10. Nbd2 {[%clk 1:28:27]} dxe4
{[%clk 1:26:18]} 11. dxe4 {[%clk 1:28:39]} Be6 {[%clk 1:26:38]} 12. Qe2
{[%clk 1:23:47]} Qc8 {[%clk 1:21:41]} 13. h3 {[%clk 1:21:54]} h6 {[%clk 1:14:11]}
14. a4 {[%clk 0:58:52]} Rb8 {[%clk 1:02:43]} 15. Bd3 {[%clk 0:47:18]} Qb7
{[%clk 1:00:51]} 16. Nf1 {[%clk 0:44:58]} Bd6 {[%clk 0:52:59]} 17. Be3
{[%clk 0:41:30]} bxa4 {[%clk 0:22:56]} 18. Reb1 {[%clk 0:24:17]} a3
{[%clk 0:23:18]} 19. bxa3 {[%clk 0:17:00]} Qa8 {[%clk 0:23:40]} 20. a4
{[%clk 0:14:05]} Rxb1 {[%clk 0:20:53]} 21. Rxb1 {[%clk 0:14:30]} Rb8
{[%clk 0:21:15]} 22. Ra1 {[%clk 0:11:36]} 1/2-1/2

[Event "Superfinal Championship 2022 Men"]
[Site "Cheboksary"]
[Date "2022.09.14"]
[Round "4.4"]
[White "Sjugirov, Sanan"]
[Black "Rakhmanov, Aleksandr"]
[Result "1/2-1/2"]
[BlackElo "2633"]
[WhiteElo "2703"]
[LiveChessVersion "1.4.8"]

1. d4 {[%clk 1:30:50]} d5 {[%clk 1:30:18]} 2. c4 {[%clk 1:31:09]} dxc4
{[%clk 1:30:31]} 3. Nf3 {[%clk 1:30:48]} Nf6 {[%clk 1:30:37]} 4. e3
{[%clk 1:31:02]} e6 {[%clk 1:30:49]} 5. Bxc4 {[%clk 1:31:24]} c5 {[%clk 1:31:01]}
6. O-O {[%clk 1:31:25]} a6 {[%clk 1:31:09]} 7. a4 {[%clk 1:31:30]} cxd4
{[%clk 1:30:04]} 8. exd4 {[%clk 1:31:51]} Nc6 {[%clk 1:30:20]} 9. Nc3
{[%clk 1:31:33]} Be7 {[%clk 1:30:10]} 10. Re1 {[%clk 1:19:34]} O-O
{[%clk 1:28:40]} 11. Bf4 {[%clk 1:19:13]} Nb4 {[%clk 0:58:37]} 12. Qb3
{[%clk 1:03:20]} Nc6 {[%clk 0:55:56]} 13. Rad1 {[%clk 0:37:25]} Na5
{[%clk 0:54:34]} 14. Qa2 {[%clk 0:37:51]} Nxc4 {[%clk 0:48:18]} 15. Qxc4
{[%clk 0:37:39]} Qb6 {[%clk 0:31:57]} 16. Qd3 {[%clk 0:17:48]} Rd8
{[%clk 0:27:49]} 17. Ne5 {[%clk 0:17:47]} Nd5 {[%clk 0:24:01]} 18. Bg3
{[%clk 0:11:46]} Bd7 {[%clk 0:10:38]} 19. Nxd5 {[%clk 0:05:31]} exd5
{[%clk 0:10:38]} 20. Nxd7 {[%clk 0:05:03]} 1/2-1/2

[Event "Superfinal Championship 2022 Men"]
[Site "Cheboksary"]
[Date "2022.09.14"]
[Round "4.5"]
[White "Esipenko, Andrey"]
[Black "Murzin, Volodar"]
[Result "1/2-1/2"]
[BlackElo "2534"]
[WhiteElo "2678"]
[LiveChessVersion "1.4.8"]

1. e4 {[%clk 1:30:55]} c5 {[%clk 1:30:53]} 2. Nf3 {[%clk 1:31:19]} d6
{[%clk 1:31:18]} 3. d4 {[%clk 1:31:40]} cxd4 {[%clk 1:31:42]} 4. Nxd4
{[%clk 1:32:06]} Nf6 {[%clk 1:32:05]} 5. Nc3 {[%clk 1:32:32]} a6 {[%clk 1:32:29]}
6. Bg5 {[%clk 1:32:55]} Nbd7 {[%clk 1:30:44]} 7. Qe2 {[%clk 1:32:03]} e6
{[%clk 1:17:07]} 8. f4 {[%clk 1:31:25]} Be7 {[%clk 1:16:44]} 9. O-O-O
{[%clk 1:31:02]} Qc7 {[%clk 1:16:51]} 10. g4 {[%clk 1:30:49]} h6 {[%clk 1:04:46]}
11. Bh4 {[%clk 1:30:37]} b5 {[%clk 1:04:35]} 12. e5 {[%clk 1:30:16]} dxe5
{[%clk 0:42:37]} 13. fxe5 {[%clk 1:29:53]} Qxe5 {[%clk 0:42:24]} 14. Qf3
{[%clk 1:30:03]} Qb8 {[%clk 0:42:34]} 15. Bg2 {[%clk 1:07:46]} Ra7
{[%clk 0:41:20]} 16. Bxf6 {[%clk 0:56:54]} Bb7 {[%clk 0:21:34]} 17. Qxb7
{[%clk 0:51:21]} Rxb7 {[%clk 0:21:23]} 18. Bxe7 {[%clk 0:51:35]} Qf4+
{[%clk 0:13:17]} 19. Kb1 {[%clk 0:51:08]} Rc7 {[%clk 0:11:50]} 20. Nce2
{[%clk 0:21:19]} Qf2 {[%clk 0:09:00]} 21. Bd6 {[%clk 0:21:21]} Qxg2
{[%clk 0:07:41]} 22. Bxc7 {[%clk 0:21:32]} O-O {[%clk 0:05:49]} 23. Rhg1
{[%clk 0:20:14]} Qe4 {[%clk 0:04:45]} 24. Nc3 {[%clk 0:18:16]} Qb7
{[%clk 0:04:17]} 25. Bd6 {[%clk 0:16:00]} Rc8 {[%clk 0:04:42]} 26. g5
{[%clk 0:15:42]} b4 {[%clk 0:02:19]} 27. Nce2 {[%clk 0:15:15]} Qb6
{[%clk 0:01:30]} 28. Nxe6 {[%clk 0:10:57]} Rc6 {[%clk 0:00:55]} 29. Bc7
{[%clk 0:10:01]} Rxc7 {[%clk 0:01:09]} 30. Nxc7 {[%clk 0:10:15]} Qxc7
{[%clk 0:01:36]} 31. gxh6 {[%clk 0:09:26]} g6 {[%clk 0:02:04]} 32. h4
{[%clk 0:07:29]} Nf6 {[%clk 0:01:15]} 33. Ng3 {[%clk 0:07:42]} Kh7
{[%clk 0:01:05]} 34. Rdf1 {[%clk 0:06:31]} Qe5 {[%clk 0:00:53]} 35. h5
{[%clk 0:05:32]} Kxh6 {[%clk 0:01:14]} 36. hxg6 {[%clk 0:05:11]} fxg6
{[%clk 0:01:43]} 37. Rf3 {[%clk 0:05:18]} a5 {[%clk 0:00:41]} 38. a3
{[%clk 0:05:33]} bxa3 {[%clk 0:00:34]} 39. Rxa3 {[%clk 0:05:55]} Nd5
{[%clk 0:00:53]} 40. Rf3 {[%clk 0:34:50]} Nf4 {[%clk 0:31:03]} 41. Rh1+
{[%clk 0:31:20]} Kg7 {[%clk 0:26:14]} 42. Rhf1 {[%clk 0:30:28]} Nd5
{[%clk 0:21:22]} 43. Rg1 {[%clk 0:26:47]} Ne7 {[%clk 0:18:32]} 44. Rff1
{[%clk 0:26:19]} Qb5 {[%clk 0:14:24]} 45. Ne4 {[%clk 0:24:11]} Nf5
{[%clk 0:13:55]} 46. Rf4 {[%clk 0:23:18]} Qb6 {[%clk 0:07:55]} 47. Rfg4
{[%clk 0:22:44]} Ne7 {[%clk 0:08:19]} 48. Nd2 {[%clk 0:21:23]} a4
{[%clk 0:06:41]} 49. Nc4 {[%clk 0:19:27]} Qc5 {[%clk 0:07:07]} 50. Re1
{[%clk 0:18:08]} Qc7 {[%clk 0:03:55]} 51. Ne5 {[%clk 0:13:46]} Qa5
{[%clk 0:03:38]} 52. Nd3 {[%clk 0:13:46]} Nd5 {[%clk 0:03:44]} 53. Reg1
{[%clk 0:11:21]} a3 {[%clk 0:02:32]} 54. Rxg6+ {[%clk 0:10:47]} Kf8
{[%clk 0:03:01]} 55. Rg8+ {[%clk 0:04:54]} Ke7 {[%clk 0:03:26]} 56. R8g7+
{[%clk 0:04:46]} Kf8 {[%clk 0:03:44]} 57. Rg8+ {[%clk 0:02:37]} Ke7
{[%clk 0:03:20]} 58. c4 {[%clk 0:01:32]} Qd2 {[%clk 0:02:14]} 59. R1g7+
{[%clk 0:00:40]} Kf6 {[%clk 0:02:32]} 60. Rg3 {[%clk 0:00:37]} Ne3
{[%clk 0:00:53]} 61. Rf3+ {[%clk 0:00:34]} Ke7 {[%clk 0:01:13]} 62. Rg7+
{[%clk 0:00:48]} Ke8 {[%clk 0:01:39]} 63. Rg8+ {[%clk 0:00:43]} Ke7
{[%clk 0:01:55]} 64. Rg7+ {[%clk 0:00:33]} Ke8 {[%clk 0:02:24]} 65. Rg8+
{[%clk 0:00:37]} Ke7 {[%clk 0:02:48]} 1/2-1/2

[Event "Superfinal Championship 2022 Men"]
[Site "Cheboksary"]
[Date "2022.09.14"]
[Round "4.6"]
[White "Tomashevsky, Evgeny"]
[Black "Artemiev, Vladislav"]
[Result "1/2-1/2"]
[BlackElo "2706"]
[WhiteElo "2700"]
[LiveChessVersion "1.4.8"]

1. d4 {[%clk 1:30:23]} d5 {[%clk 1:30:33]} 2. c4 {[%clk 1:31:13]} e6
{[%clk 1:30:48]} 3. Nf3 {[%clk 1:31:20]} Nf6 {[%clk 1:30:29]} 4. Nc3
{[%clk 1:31:40]} h6 {[%clk 1:30:35]} 5. e3 {[%clk 1:30:39]} Nbd7 {[%clk 1:29:35]}
6. b3 {[%clk 1:23:18]} dxc4 {[%clk 1:16:30]} 7. Bxc4 {[%clk 0:59:16]} a6
{[%clk 1:15:50]} 8. a4 {[%clk 0:59:25]} Bb4 {[%clk 1:13:06]} 9. Bb2
{[%clk 0:59:12]} b6 {[%clk 1:06:09]} 10. O-O {[%clk 0:45:47]} Bb7
{[%clk 1:05:01]} 11. Qe2 {[%clk 0:46:10]} O-O {[%clk 1:03:08]} 12. Rfd1
{[%clk 0:46:36]} Qe7 {[%clk 0:58:44]} 13. Rac1 {[%clk 0:46:51]} Rfd8
{[%clk 0:56:20]} 14. h3 {[%clk 0:46:04]} c5 {[%clk 0:46:06]} 15. Na2
{[%clk 0:23:14]} Ba5 {[%clk 0:37:21]} 16. dxc5 {[%clk 0:23:27]} bxc5
{[%clk 0:37:35]} 17. Nc3 {[%clk 0:23:03]} Bc7 {[%clk 0:26:43]} 18. Nb1
{[%clk 0:21:49]} 1/2-1/2

[Event "Superfinal Championship 2022 Men"]
[Site "Cheboksary"]
[Date "2022.09.15"]
[Round "5.1"]
[White "Artemiev, Vladislav"]
[Black "Iljiushenok, Ilia"]
[Result "1/2-1/2"]
[BlackElo "2551"]
[WhiteElo "2706"]
[LiveChessVersion "1.4.8"]

1. d4 {[%clk 1:30:06]} Nf6 {[%clk 1:30:41]} 2. Nf3 {[%clk 1:30:13]} d5
{[%clk 1:30:57]} 3. c4 {[%clk 1:30:10]} e6 {[%clk 1:31:19]} 4. Nc3
{[%clk 1:30:23]} c5 {[%clk 1:31:23]} 5. e3 {[%clk 1:30:29]} a6 {[%clk 1:31:25]}
6. cxd5 {[%clk 1:30:23]} exd5 {[%clk 1:31:49]} 7. Be2 {[%clk 1:30:27]} Nc6
{[%clk 1:31:16]} 8. O-O {[%clk 1:30:31]} cxd4 {[%clk 1:29:25]} 9. exd4
{[%clk 1:30:13]} Be7 {[%clk 1:28:49]} 10. Ne5 {[%clk 1:26:11]} O-O
{[%clk 1:27:27]} 11. Bg5 {[%clk 1:15:39]} Bf5 {[%clk 1:21:13]} 12. Rc1
{[%clk 0:54:05]} Rc8 {[%clk 1:08:27]} 13. Na4 {[%clk 0:47:49]} Nb4
{[%clk 0:51:19]} 14. Rxc8 {[%clk 0:44:27]} Qxc8 {[%clk 0:50:24]} 15. Nc3
{[%clk 0:43:43]} Rd8 {[%clk 0:29:50]} 16. Bf3 {[%clk 0:33:21]} Nc6
{[%clk 0:18:56]} 17. Re1 {[%clk 0:27:51]} Be6 {[%clk 0:19:17]} 18. h3
{[%clk 0:25:06]} Qc7 {[%clk 0:18:39]} 19. a3 {[%clk 0:08:23]} h6 {[%clk 0:17:14]}
20. Bh4 {[%clk 0:07:35]} Nxe5 {[%clk 0:05:26]} 21. dxe5 {[%clk 0:07:35]} Ne8
{[%clk 0:05:50]} 22. Bxe7 {[%clk 0:07:23]} Qxe7 {[%clk 0:06:19]} 23. Qd4
{[%clk 0:04:34]} Nc7 {[%clk 0:06:48]} 24. Rd1 {[%clk 0:04:39]} Qd7
{[%clk 0:05:08]} 25. Qb4 {[%clk 0:03:28]} Qc6 {[%clk 0:03:56]} 26. Ne2
{[%clk 0:03:28]} Qb5 {[%clk 0:03:56]} 27. Qxb5 {[%clk 0:00:48]} Nxb5
{[%clk 0:04:13]} 28. Nf4 {[%clk 0:00:52]} Nc7 {[%clk 0:04:13]} 29. Rc1
{[%clk 0:00:40]} Rd7 {[%clk 0:04:31]} 30. Kf1 Kf8 31. Nd3 {[%clk 0:00:43]} Re7
{[%clk 0:04:16]} 32. Bg4 {[%clk 0:00:34]} g6 {[%clk 0:02:50]} 33. f4
{[%clk 0:00:59]} h5 {[%clk 0:03:11]} 34. Bf3 {[%clk 0:00:59]} Nb5
{[%clk 0:02:20]} 35. Nb4 {[%clk 0:00:35]} Rd7 36. Kf2 {[%clk 0:00:33]} Nd4
{[%clk 0:01:27]} 37. Bd1 {[%clk 0:00:56]} Ke7 {[%clk 0:01:37]} 38. g4
{[%clk 0:00:59]} hxg4 {[%clk 0:02:03]} 39. hxg4 Kd8 {[%clk 0:02:03]} 40. Rc3
{[%clk 0:30:32]} a5 {[%clk 0:31:38]} 41. Nd3 {[%clk 0:28:54]} Rc7
{[%clk 0:29:23]} 42. Nc5 {[%clk 0:11:12]} Ke7 {[%clk 0:07:10]} 43. Nxe6
{[%clk 0:08:30]} Rxc3 {[%clk 0:07:11]} 44. bxc3 {[%clk 0:08:55]} Nxe6
{[%clk 0:07:38]} 45. Ke3 {[%clk 0:08:12]} f6 {[%clk 0:03:26]} 46. exf6+
{[%clk 0:05:50]} Kxf6 {[%clk 0:03:55]} 47. Bb3 {[%clk 0:01:10]} Nc7
{[%clk 0:04:06]} 48. g5+ {[%clk 0:01:05]} Ke6 {[%clk 0:03:25]} 49. Bc2
{[%clk 0:00:33]} Nb5 {[%clk 0:02:09]} 50. Bxg6 {[%clk 0:00:57]} Nxa3
{[%clk 0:02:32]} 51. Bh7 {[%clk 0:00:32]} Nb5 {[%clk 0:02:40]} 52. Bg8+
{[%clk 0:00:44]} Kf5 53. Bxd5 {[%clk 0:00:32]} Nxc3 {[%clk 0:03:14]} 54. Bxb7
{[%clk 0:00:49]} a4 {[%clk 0:03:33]} 55. Bc8+ {[%clk 0:00:33]} Kg6
{[%clk 0:03:58]} 56. Kd4 {[%clk 0:00:33]} Nd5 {[%clk 0:03:09]} 57. Ke5
{[%clk 0:00:31]} a3 {[%clk 0:03:21]} 58. Bf5+ {[%clk 0:00:47]} Kg7
{[%clk 0:03:19]} 59. Bb1 {[%clk 0:00:59]} Nc3 {[%clk 0:03:46]} 60. Ba2
{[%clk 0:01:12]} Nxa2 {[%clk 0:04:12]} 61. Kd4 {[%clk 0:01:39]} Kg6
{[%clk 0:02:28]} 62. Kc4 {[%clk 0:01:23]} Nc1 {[%clk 0:02:52]} 63. Kc3
{[%clk 0:01:49]} Nd3 {[%clk 0:03:18]} 64. Kb3 {[%clk 0:02:13]} Nxf4
{[%clk 0:03:41]} 65. Kxa3 {[%clk 0:02:37]} Kxg5 1/2-1/2

[Event "Superfinal Championship 2022 Men"]
[Site "Cheboksary"]
[Date "2022.09.15"]
[Round "5.2"]
[White "Murzin, Volodar"]
[Black "Tomashevsky, Evgeny"]
[Result "1/2-1/2"]
[BlackElo "2700"]
[WhiteElo "2534"]
[LiveChessVersion "1.4.8"]

1. e4 {[%clk 1:30:51]} e5 {[%clk 1:30:44]} 2. Nf3 {[%clk 1:31:15]} Nc6
{[%clk 1:31:07]} 3. Nc3 {[%clk 1:31:37]} Nf6 {[%clk 1:31:06]} 4. d4
{[%clk 1:32:00]} exd4 {[%clk 1:31:20]} 5. Nxd4 {[%clk 1:32:24]} Bb4
{[%clk 1:31:24]} 6. Nxc6 {[%clk 1:32:48]} bxc6 {[%clk 1:31:45]} 7. Bd3
{[%clk 1:33:15]} O-O {[%clk 1:32:06]} 8. O-O {[%clk 1:33:39]} d5 {[%clk 1:32:29]}
9. exd5 {[%clk 1:34:03]} cxd5 {[%clk 1:32:52]} 10. Bg5 {[%clk 1:34:28]} Be6
{[%clk 1:31:59]} 11. h3 {[%clk 1:33:47]} c5 {[%clk 1:28:16]} 12. Qf3
{[%clk 1:28:43]} h6 {[%clk 1:12:16]} 13. Bh4 {[%clk 1:26:21]} c4 {[%clk 0:53:42]}
14. Bf5 {[%clk 1:20:47]} Bxc3 {[%clk 0:38:02]} 15. bxc3 {[%clk 1:19:42]} Bxf5
{[%clk 0:36:06]} 16. Qxf5 {[%clk 1:20:04]} Qc8 {[%clk 0:36:33]} 1/2-1/2

[Event "Superfinal Championship 2022 Men"]
[Site "Cheboksary"]
[Date "2022.09.15"]
[Round "5.3"]
[White "Rakhmanov, Aleksandr"]
[Black "Esipenko, Andrey"]
[Result "1/2-1/2"]
[BlackElo "2678"]
[WhiteElo "2633"]
[LiveChessVersion "1.4.8"]

1. d4 {[%clk 1:30:53]} Nf6 {[%clk 1:30:48]} 2. c4 {[%clk 1:31:00]} e6
{[%clk 1:31:11]} 3. Nc3 {[%clk 1:31:07]} Bb4 {[%clk 1:31:25]} 4. e3
{[%clk 1:31:15]} O-O {[%clk 1:31:42]} 5. Bd3 {[%clk 1:30:42]} d5 {[%clk 1:31:35]}
6. a3 {[%clk 1:28:04]} Bxc3+ {[%clk 1:31:37]} 7. bxc3 {[%clk 1:28:28]} dxc4
{[%clk 1:31:40]} 8. Bxc4 {[%clk 1:28:51]} c5 {[%clk 1:32:06]} 9. Ne2
{[%clk 1:28:27]} Qc7 {[%clk 1:32:15]} 10. Bd3 {[%clk 1:28:38]} Nc6
{[%clk 1:32:08]} 11. O-O {[%clk 1:28:29]} e5 {[%clk 1:32:18]} 12. e4
{[%clk 1:27:07]} cxd4 {[%clk 1:30:15]} 13. cxd4 {[%clk 1:27:21]} exd4
{[%clk 1:29:43]} 14. f4 {[%clk 1:26:46]} Ng4 {[%clk 1:20:23]} 15. h3
{[%clk 1:19:38]} Ne3 {[%clk 1:20:46]} 16. Bxe3 {[%clk 1:20:00]} dxe3
{[%clk 1:21:12]} 17. Qc1 {[%clk 1:19:21]} Be6 {[%clk 1:12:36]} 18. Qxe3
{[%clk 1:13:21]} 1/2-1/2

[Event "Superfinal Championship 2022 Men"]
[Site "Cheboksary"]
[Date "2022.09.15"]
[Round "5.5"]
[White "Chigaev, Maksim"]
[Black "Nesterov, Arseniy"]
[Result "1-0"]
[BlackElo "2575"]
[WhiteElo "2641"]
[LiveChessVersion "1.4.8"]

1. c4 {[%clk 1:30:40]} e6 {[%clk 1:30:53]} 2. g3 {[%clk 1:30:58]} d5
{[%clk 1:31:10]} 3. Bg2 {[%clk 1:31:20]} Nf6 {[%clk 1:31:31]} 4. Nf3
{[%clk 1:31:40]} Be7 {[%clk 1:31:34]} 5. O-O {[%clk 1:31:58]} O-O
{[%clk 1:31:45]} 6. b3 {[%clk 1:32:17]} b6 {[%clk 1:29:47]} 7. d4
{[%clk 1:31:31]} Bb7 {[%clk 1:28:47]} 8. Nc3 {[%clk 1:30:45]} Nbd7
{[%clk 1:19:15]} 9. Bb2 {[%clk 1:29:17]} c5 {[%clk 1:14:44]} 10. Ne1
{[%clk 1:28:44]} Re8 {[%clk 1:08:00]} 11. Rc1 {[%clk 1:18:05]} Bf8
{[%clk 1:01:53]} 12. cxd5 {[%clk 1:02:21]} exd5 {[%clk 1:01:46]} 13. Nd3
{[%clk 1:02:33]} cxd4 {[%clk 0:59:45]} 14. Nb5 {[%clk 1:02:18]} Nc5
{[%clk 0:59:57]} 15. Nf4 {[%clk 0:59:42]} a5 {[%clk 0:51:43]} 16. Nxd4
{[%clk 0:56:11]} Nfe4 {[%clk 0:50:57]} 17. a3 {[%clk 0:47:12]} Be7
{[%clk 0:34:59]} 18. Re1 {[%clk 0:45:44]} Bg5 {[%clk 0:27:41]} 19. e3
{[%clk 0:43:18]} Ba6 {[%clk 0:18:24]} 20. b4 {[%clk 0:33:12]} axb4
{[%clk 0:18:44]} 21. axb4 {[%clk 0:27:37]} Bxf4 {[%clk 0:17:46]} 22. bxc5
{[%clk 0:27:58]} Be5 {[%clk 0:15:04]} 23. Nc6 {[%clk 0:18:11]} Qf6
{[%clk 0:15:22]} 24. Bxe5 {[%clk 0:18:37]} Qxf2+ {[%clk 0:15:47]} 25. Kh1
{[%clk 0:19:01]} Bb7 {[%clk 0:01:20]} 26. Bxe4 {[%clk 0:11:14]} dxe4
{[%clk 0:01:01]} 27. Rf1 {[%clk 0:11:08]} Qa2 {[%clk 0:00:37]} 28. Nb4
{[%clk 0:07:35]} Qe6 {[%clk 0:00:45]} 29. c6 {[%clk 0:07:46]} Bc8
{[%clk 0:01:13]} 30. Bc3 {[%clk 0:05:29]} Ra5 {[%clk 0:01:09]} 31. Qd4
{[%clk 0:02:50]} f6 {[%clk 0:01:26]} 32. Qxb6 {[%clk 0:01:58]} Rh5
{[%clk 0:01:26]} 33. Rf2 {[%clk 0:01:41]} Qh3 {[%clk 0:01:52]} 34. Kg1
{[%clk 0:01:35]} Bg4 {[%clk 0:02:20]} 35. c7 {[%clk 0:01:16]} Bf3
{[%clk 0:02:40]} 36. Qd6 {[%clk 0:01:41]} h6 {[%clk 0:02:26]} 37. Nd5
{[%clk 0:01:17]} Kh7 {[%clk 0:02:28]} 38. Rd2 {[%clk 0:01:21]} Rg5
{[%clk 0:01:11]} 39. Nxf6+ {[%clk 0:01:11]} gxf6 {[%clk 0:01:32]} 40. Qd7+
{[%clk 0:31:38]} Qxd7 {[%clk 0:31:58]} 41. Rxd7+ {[%clk 0:32:00]} 1-0